Les 25 explorateurs les plus influents de l'Histoire - Statistiques

Statistiques générales
  • Ce quiz a été pris 221 fois
  • Le résultat moyen est 7 sur 25
Statistiques - réponses
Position Nationalité Réponse % Correct
2 Gênoise Christophe Colomb
97%
4 Portugaise Vasco de Gama
80%
3 Portugaise Fernand de Magellan
78%
1 Vénitienne Marco Polo
73%
20 Française Jacques Cartier
58%
10 Britannique James Cook
54%
9 Espagnole Hernán Cortés
38%
5 Florentine Amerigo Vespucci
36%
23 Norvégienne Erik le Rouge
34%
13 Espagnole Francisco Pizarro
25%
7 Norvégienne Roald Amundsen
21%
12 Anglaise Francis Drake
19%
25 Islandaise Leif Erikson
19%
11 Chinoise Zheng He
13%
6 Berbère Ibn Battûta
11%
8 Portugaise Bartolomeu Dias
10%
15 Néerlandaise Abel Tasman
9%
16 Portugaise Pedro Álvares Cabral
8%
21 Britannique David Livingstone
7%
14 Portugaise Henri le Navigateur
6%
24 Danoise Vitus Béring
6%
22 Française Jacques-Yves Cousteau
4%
19 Espagnole Juan Sebastián Elcano
4%
18 Norvégienne Fridtjof Nansen
3%
17 Chinoise Xuanzang
1%
Aucun quiz correspondant
Distribution des résultats
% des personnes avec chaque résultat
Percentile par nombre de réponses
Votre historique - résultats
Vous n’avez pas pris ce quiz